Česko-italský slovník
Uložené v:
| Médium: | Kniha |
|---|---|
| Jazyk: | Czech Italian |
| Vydavateľské údaje: |
Praha
Stát. ped. nakl.
1988
|
| Vydanie: | 1. vyd. |
| Edícia: | Střední slovníky jednostranné
|
| Tagy: |
Žiadne tagy, Buďte prvý, kto otaguje tento záznam!
|
MARC
| LEADER | 00000nam a2200000 4500 | ||
|---|---|---|---|
| 001 | c040481 | ||
| 005 | 20250711083233.3 | ||
| 041 | 0 | |a cze | |
| 041 | 0 | |a ita | |
| 044 | |a CZ | ||
| 245 | 1 | 0 | |a Česko-italský slovník |c Jaroslav Rosendorfský |
| 250 | |a 1. vyd. | ||
| 264 | 1 | |a Praha |b Stát. ped. nakl. |c 1988 | |
| 300 | |a 838 s. | ||
| 490 | 1 | |a Střední slovníky jednostranné | |
| 830 | 0 | |a Střední slovníky jednostranné | |